[Event "29th 4NCL Congress"]
[Site "Harrogate"]
[Date "2023.01.21"]
[Round "2"]
[Board "10"]
[White "Fraser, Chris A"]
[Black "Pointon, Mike"]
[Result "0-1"]
[WhiteElo "1555"]
[BlackElo "1675"]
[PlyCount "81"]
[EventDate "2023.01.20"]
[EventRounds "5"]
[EventCountry "ENG"]

1. e4 c5 2. Nc3 d6 3. f4 Nc6 4. Nf3 Nf6 5. Bb5 a6 6. Bxc6+ bxc6 7. d3 g6 8. O-O d5
9. e5 Nd7 10. Qe1 e6 11. b3 Bg7 12. Rb1 O-O 13. Qf2 a5 14. Na4 Ba6 15. Nxc5 Nxc5
16. Qxc5 Qc7 17. a4 Rfc8 18. Bd2 Bb7 19. Qf2 c5 20. Rbe1 c4 21. bxc4 dxc4 22. dxc4
Qxc4 23. Rb1 Bc6 24. Rb2 Bf8 25. Rfb1 Bxa4 26. Nd4 Ba3 27. Rb7 Bc5 28. c3 Bc6 29.
R7b2 Rd8 30. Be3 Be4 31. Ra1 a4 32. Ne2 a3 33. Rbb1 Be7 34. Nd4 Qxc3 35. Rc1 Qd3
36. Nc6 Bxc6 37. Rxc6 Qb3 38. h3 Bh4 39. Qe2 Rd3 40. Bf2 Bxf2+ 41. Qxf2  0-1

[Event "29th 4NCL Congress"]
[Site "Harrogate"]
[Date "2023.01.21"]
[Round "2"]
[Board "11"]
[White "Gunarathne, Senith"]
[Black "Roberts, Malcolm A"]
[Result "1-0"]
[WhiteElo "1522"]
[BlackElo "1656"]
[PlyCount "63"]
[EventDate "2023.01.20"]
[EventRounds "5"]
[EventCountry "ENG"]

1. e4 e5 2. Nf3 d6 3. d4 exd4 4. Nxd4 Nf6 5. Nc3 Bd7 6. Bc4 Nc6 7. O-O Ne5 8. Bb3
Be7 9. h3 O-O 10. f4 Ng6 11. Be3 c5 12. Nde2 b5 13. Bd5 Nxd5 14. Nxd5 Re8 15. a3
Bf8 16. Nec3 a5 17. f5 Ne5 18. f6 g6 19. Qc1 h5 20. Bh6 Kh7 21. Bxf8 Rxf8 22. Ne7
Nc6 23. Qg5 Nd4 24. Rad1 Be6 25. Rxd4 cxd4 26. Ncd5 Bxd5 27. Rf5 Qxe7 28. fxe7 Rfc8
29. Rxd5 Rxc2 30. Qf6 Kg8 31. Rxd6 Rcc8 32. Rd8+  1-0

[Event "29th 4NCL Congress"]
[Site "Harrogate"]
[Date "2023.01.21"]
[Round "2"]
[Board "12"]
[White "Sloan, Cecil"]
[Black "Galloway, Peter"]
[Result "1-0"]
[WhiteElo "1654"]
[BlackElo "1372"]
[PlyCount "59"]
[EventDate "2023.01.20"]
[EventRounds "5"]
[EventCountry "ENG"]

1. e4 c5 2. Nf3 d6 3. d4 cxd4 4. Nxd4 Nf6 5. Nc3 e6 6. Bg5 Be7 7. f4 O-O 8. Qf3 Nc6
9. O-O-O a6 10. Nxc6 bxc6 11. Bxf6 Bxf6 12. e5 Bxe5 13. fxe5 Qg5+ 14. Kb1 d5 15.
Qg3 Qe7 16. Qf4 c5 17. Rd3 f5 18. exf6 Rxf6 19. Qe3 Qf8 20. Qe1 d4 21. Ne4 Rf7 22.
Be2 h6 23. Rf1 Rxf1 24. Qxf1 Qe7 25. Qf4 e5 26. Qd2 Bf5 27. Bf3 Rf8 28. Qe2 c4 29.
Rd1 Bxe4 30. Qxc4+  1-0

[Event "29th 4NCL Congress"]
[Site "Harrogate"]
[Date "2023.01.21"]
[Round "2"]
[Board "13"]
[White "Coleman, Patrick N"]
[Black "Pearce, Neville R"]
[Result "1/2-1/2"]
[WhiteElo "1514"]
[BlackElo "1650"]
[PlyCount "51"]
[EventDate "2023.01.20"]
[EventRounds "5"]
[EventCountry "ENG"]

1. d4 Nf6 2. c4 c5 3. e3 g6 4. Nf3 Bg7 5. g3 O-O 6. Bg2 d6 7. O-O Qc7 8. b3 Nc6 9.
Bb2 Re8 10. Nc3 Bg4 11. Qd2 Rad8 12. d5 Bxf3 13. Bxf3 Ne5 14. Bg2 a6 15. Rad1 Qa5
16. a3 b5 17. Ne4 Qb6 18. Nxf6+ Bxf6 19. Bxe5 Bxe5 20. f4 Bg7 21. Be4 b4 22. axb4
cxb4 23. f5 Bc3 24. Qd3 Rf8 25. fxg6 hxg6 26. Kg2  1/2-1/2

[Event "29th 4NCL Congress"]
[Site "Harrogate"]
[Date "2023.01.21"]
[Round "2"]
[Board "14"]
[White "Gannon, Ben"]
[Black "Mulholland, Glenn"]
[Result "1/2-1/2"]
[WhiteElo "1487"]
[BlackElo "1640"]
[PlyCount "65"]
[EventDate "2023.01.20"]
[EventRounds "5"]
[EventCountry "ENG"]

1. d4 d5 2. c4 c6 3. Nc3 Bf5 4. g3 e6 5. cxd5 cxd5 6. Nf3 Nc6 7. Bg5 Qb6 8. b3 Bb4
9. Rc1 Ba3 10. Na4 Qb4+ 11. Bd2 Qd6 12. Bf4 Qb4+ 13. Bd2 Qe7 14. Rc3 Bb4 15. Rc1
Ba3 16. Rc3 Bb4 17. Rc1 Bxd2+ 18. Nxd2 Nxd4 19. Bg2 Nf6 20. O-O O-O 21. Nc5 Rac8
22. e3 Rxc5 23. exd4 Rxc1 24. Qxc1 Qb4 25. Nf3 Be4 26. Qc5 Qxc5 27. dxc5 Rc8 28.
Rc1 b6 29. c6 Ne8 30. Nd4 Bxg2 31. Kxg2 Nc7 32. Nc2 Nb5 33. Nb4  1/2-1/2

[Event "29th 4NCL Congress"]
[Site "Harrogate"]
[Date "2023.01.21"]
[Round "2"]
[Board "15"]
[White "Hollyman, Mike"]
[Black "Weller, Colin"]
[Result "1-0"]
[WhiteElo "1444"]
[BlackElo "1614"]
[PlyCount "61"]
[EventDate "2023.01.20"]
[EventRounds "5"]
[EventCountry "ENG"]

1. c4 d6 2. Nc3 e5 3. g3 Nf6 4. Bg2 Nbd7 5. e4 Be7 6. Nge2 h6 7. O-O g5 8. d3 Nf8
9. f3 Ng6 10. d4 c6 11. Be3 Qc7 12. dxe5 dxe5 13. Qa4 Be6 14. Nd5 Nxd5 15. cxd5 Bd7
16. Rac1 O-O 17. Qc2 Rfc8 18. f4 gxf4 19. gxf4 exf4 20. Nxf4 Nxf4 21. Bxf4 Qb6+ 22.
Kh1 cxd5 23. Qd2 Rxc1 24. Rxc1 Bb4 25. Qxd5 Bc6 26. Qf5 Bf8 27. Rg1 Bc5 28. Qg4+
Kh7 29. Be5 Rg8 30. Qf5+ Rg6 31. Qxf7+  1-0

[Event "29th 4NCL Congress"]
[Site "Harrogate"]
[Date "2023.01.21"]
[Round "2"]
[Board "16"]
[White "Egan, William J"]
[Black "Sayer, Ray M"]
[Result "1-0"]
[WhiteElo "1608"]
[BlackElo "1465"]
[PlyCount "45"]
[EventDate "2023.01.20"]
[EventRounds "5"]
[EventCountry "ENG"]

1. d4 d5 2. Bf4 e6 3. e3 Bd6 4. Bg3 Bxg3 5. hxg3 c6 6. c3 b6 7. Nf3 Nd7 8. Nbd2 Bb7
9. Rc1 Qe7 10. Qc2 g6 11. c4 f5 12. Ne5 Nxe5 13. dxe5 h5 14. cxd5 cxd5 15. Qc7 Qxc7
16. Rxc7 Rb8 17. Nf3 Kd8 18. Rg7 Ne7 19. Ng5 Bc8 20. Nf7+ Ke8 21. Nxh8 Kf8 22. Rxe7
Kxe7 23. Nxg6+  1-0

[Event "29th 4NCL Congress"]
[Site "Harrogate"]
[Date "2023.01.21"]
[Round "2"]
[Board "17"]
[White "Scorer, David M"]
[Black "Merry, John D"]
[Result "1/2-1/2"]
[WhiteElo "1422"]
[BlackElo "1603"]
[PlyCount "46"]
[EventDate "2023.01.20"]
[EventRounds "5"]
[EventCountry "ENG"]

1. d4 Nf6 2. Nf3 d6 3. c4 g6 4. Nc3 Bg7 5. e4 Nbd7 6. Be2 O-O 7. O-O a6 8. Re1 c5
9. d5 Ne8 10. Qc2 Ne5 11. Bf4 Nxf3+ 12. Bxf3 Qc7 13. Rad1 Bd4 14. Bh6 Bg7 15. Bxg7
Nxg7 16. Qe2 Bd7 17. e5 Rae8 18. exd6 exd6 19. Qd2 f5 20. Rxe8 Rxe8 21. Re1 Rxe1+
22. Qxe1 Bc8 23. h3 Kf7  1/2-1/2

[Event "29th 4NCL Congress"]
[Site "Harrogate"]
[Date "2023.01.21"]
[Round "2"]
[Board "18"]
[White "Oliver, Peter J R"]
[Black "Pringle, Andrew"]
[Result "0-1"]
[WhiteElo "1602"]
[BlackElo "1349"]
[PlyCount "96"]
[EventDate "2023.01.20"]
[EventRounds "5"]
[EventCountry "ENG"]

1. Nf3 d5 2. d4 Nf6 3. c4 c6 4. cxd5 cxd5 5. h3 Nc6 6. Nc3 e6 7. Bf4 Be7 8. e3 a6
9. a3 O-O 10. Bd3 h6 11. Rc1 Bd7 12. O-O Na5 13. Ne2 Rc8 14. b4 Nc4 15. Qb3 b5 16.
Bxc4 dxc4 17. Qb1 Bc6 18. Ne5 Be4 19. Qb2 Nd5 20. f3 Bh7 21. e4 Nxf4 22. Nxf4 Bg5
23. g3 Bxf4 24. gxf4 Qh4 25. Qh2 Rfd8 26. Rfd1 f6 27. Ng4 f5 28. Nf2 Bg6 29. Kg2
fxe4 30. fxe4 Rf8 31. Qg3 Qf6 32. Rc3 Qxf4 33. Qxf4 Rxf4 34. e5 Rcf8 35. Rd2 Rd8
36. a4 Rfxd4 37. Rxd4 Rxd4 38. axb5 axb5 39. Kf3 Be8 40. Ke3 Rh4 41. Rc1 Bc6 42.
Rd1 Kf7 43. Rd6 Be8 44. Rb6 c3 45. Rb7+ Kg6 46. Rc7 Rxb4 47. Rxc3 Kf5 48. Nd3 Rh4
 0-1

[Event "29th 4NCL Congress"]
[Site "Harrogate"]
[Date "2023.01.21"]
[Round "2"]
[Board "19"]
[White "Mitchell, Ian"]
[Black "Clarke, Sylvan"]
[Result "1-0"]
[WhiteElo "1598"]
[BlackElo "1334"]
[PlyCount "96"]
[EventDate "2023.01.20"]
[EventRounds "5"]
[EventCountry "ENG"]

1. d4 d5 2. Nf3 Nf6 3. c4 e6 4. Nc3 Bb4 5. Qa4+ Nc6 6. Bd2 O-O 7. e3 Bd7 8. Qc2 Bxc3
9. Bxc3 Ne4 10. Bd3 f5 11. cxd5 exd5 12. O-O Qe7 13. a3 Nxc3 14. bxc3 a6 15. Qb3
Qd6 16. c4 Na5 17. Qc3 b6 18. c5 Qc6 19. Ne5 Qa4 20. Rfb1 bxc5 21. Qxc5 Be6 22. Rb4
Nb3 23. Rxa4 Nxc5 24. dxc5 a5 25. Rb1 Rfb8 26. Rxb8+ Rxb8 27. Rxa5 g5 28. Ra7 Rb2
29. Ra8+ Kg7 30. Ra7 Kf6 31. f4 d4 32. exd4 gxf4 33. Rxc7 Ra2 34. Rxh7 Rxa3 35. Rh6+
Ke7 36. Rh4 Ra1+ 37. Kf2 Ra2+ 38. Be2 Rd2 39. Rxf4 Bd5 40. Ke3 Ra2 41. Rxf5 Bxg2
42. Rf7+ Kd8 43. Rd7+ Kc8 44. Bg4 Ra3+ 45. Kf2 Ra2+ 46. Kg3 Be4 47. Ra7+ Kd8 48.
Rxa2 Kc7  1-0

[Event "29th 4NCL Congress"]
[Site "Harrogate"]
[Date "2023.01.21"]
[Round "2"]
[Board "20"]
[White "Goldsmith, Jennifer"]
[Black "Andrews, Norman G"]
[Result "0-1"]
[WhiteElo "1400"]
[BlackElo "1597"]
[PlyCount "62"]
[EventDate "2023.01.20"]
[EventRounds "5"]
[EventCountry "ENG"]

1. c4 Nf6 2. Nc3 c5 3. g3 g6 4. Bg2 Bg7 5. e4 Nc6 6. Nge2 d6 7. O-O O-O 8. h3 Rb8
9. a4 Na5 10. b3 a6 11. Rb1 b6 12. d3 Bb7 13. Bf4 Nc6 14. Qd2 Qd7 15. Bh6 Ne8 16.
Bxg7 Nxg7 17. Nd5 Ba8 18. Kh2 Ne6 19. h4 Qd8 20. Bh3 Ned4 21. Nxd4 Nxd4 22. Qd1 e6
23. Ne3 f5 24. Bg2 f4 25. Nc2 fxg3+ 26. Kxg3 Nxc2 27. Qxc2 e5 28. Qe2 Rf4 29. Rh1
h5 30. Rbf1 Rg4+ 31. Kf3 Qf6+  0-1

[Event "29th 4NCL Congress"]
[Site "Harrogate"]
[Date "2023.01.21"]
[Round "2"]
[Board "21"]
[White "Collins, Steve"]
[Black "McKay, Ruairidh"]
[Result "1-0"]
[WhiteElo "1281"]
[BlackElo "1589"]
[PlyCount "77"]
[EventDate "2023.01.20"]
[EventRounds "5"]
[EventCountry "ENG"]

1. d4 Nf6 2. Bg5 Ne4 3. Bf4 d5 4. e3 e6 5. Nd2 Bd6 6. Bxd6 Nxd6 7. Bd3 Nd7 8. f4
Nf6 9. Ne2 Ng4 10. Nf1 Nf5 11. Bxf5 exf5 12. h3 Nf6 13. Qd3 c6 14. O-O-O b5 15. Nfg3
g6 16. h4 Ng4 17. Rdf1 Qe7 18. Rf3 h5 19. Re1 Qxh4 20. Qc3 Bd7 21. e4 fxe4 22. Nxe4
dxe4 23. Rh3 Qf6 24. Ng3 O-O 25. Nxh5 gxh5 26. Rxh5 Qxf4+ 27. Kb1 Nf2 28. d5 f6 29.
dxc6 Rac8 30. Qb3+ Kg7 31. cxd7 Rcd8 32. Re3 Ng4 33. Re1 Rh8 34. Rxh8 Rxh8 35. a3
Qe5 36. Rd1 Rd8 37. Rd5 Qe6 38. Rg5+ Kf7 39. Rg7+  1-0

[Event "29th 4NCL Congress"]
[Site "Harrogate"]
[Date "2023.01.21"]
[Round "2"]
[Board "22"]
[White "Matthews, Graham W"]
[Black "Gunarathne, Miheli"]
[Result "1-0"]
[WhiteElo "1583"]
[BlackElo "830"]
[PlyCount "58"]
[EventDate "2023.01.20"]
[EventRounds "5"]
[EventCountry "ENG"]

1. d4 d5 2. Nf3 Nc6 3. Bf4 Nxd4 4. Qxd4 f6 5. Qd1 e5 6. Bg3 e4 7. Nd4 Bc5 8. e3 Ne7
9. c3 O-O 10. Be2 f5 11. Be5 Ng6 12. Bg3 f4 13. exf4 Qf6 14. O-O Nxf4 15. Bxf4 Qxf4
16. b4 Bd6 17. g3 Qf6 18. Nb5 Be5 19. Qxd5+ Be6 20. Qxe4 a5 21. Nd4 axb4 22. Nxe6
Qxe6 23. Bc4 Qxc4 24. Qxc4+ Kh8 25. Qxb4 Bd6 26. Qxb7 Rab8 27. Qd5 Rbd8 28. Rd1 h6
29. a4 Rfe8  1-0

[Event "29th 4NCL Congress"]
[Site "Harrogate"]
[Date "2023.01.21"]
[Round "2"]
[Board "23"]
[White "Brown, Chris"]
[Black "McKay, Mark"]
[Result "1-0"]
[WhiteElo "1454"]
[BlackElo "1691"]
[PlyCount "39"]
[EventDate "2023.01.20"]
[EventRounds "5"]
[EventCountry "ENG"]

1. e4 d6 2. d4 Nf6 3. Nc3 g6 4. Nf3 Bg7 5. Bd3 O-O 6. O-O Nc6 7. Re1 Bg4 8. Be2 e5
9. dxe5 dxe5 10. Be3 Bxf3 11. Bxf3 Nd4 12. a4 c6 13. Be2 Nxe2+ 14. Qxe2 Qe7 15. Qc4
Nd7 16. a5 Rfc8 17. Red1 Kh8 18. b4 f5 19. Bg5 Bf6 20. Rxd7  1-0

[Event "29th 4NCL Congress"]
[Site "Harrogate"]
[Date "2023.01.21"]
[Round "2"]
[Board "24"]
[White "Kilmartin, David"]
[Black "Zigmond, Andrew"]
[Result "0-1"]
[WhiteElo "1440"]
[BlackElo "1666"]
[PlyCount "62"]
[EventDate "2023.01.20"]
[EventRounds "5"]
[EventCountry "ENG"]

1. e4 c5 2. Nc3 d6 3. f4 Nc6 4. Nf3 Nf6 5. Bb5 Bd7 6. Bxc6 Bxc6 7. O-O Nxe4 8. Nxe4
Bxe4 9. d3 Bc6 10. Bd2 b5 11. Qe1 a5 12. Qg3 b4 13. Rae1 g6 14. b3 Bg7 15. Re2 a4
16. Rfe1 Bf6 17. Ng5 axb3 18. axb3 Ra2 19. Bc1 Qb6 20. Kh1 h5 21. Ne4 Bxe4 22. dxe4
Bc3 23. Rf1 Qb5 24. Qf3 O-O 25. f5 Bg7 26. c4 Qa6 27. Bf4 Ra1 28. Ref2 Bd4 29. Bh6
Bxf2 30. Qxf2 Rxf1+ 31. Qxf1 Ra8  0-1

[Event "29th 4NCL Congress"]
[Site "Harrogate"]
[Date "2023.01.21"]
[Round "2"]
[Board "25"]
[White "Dargue, Peter W"]
[Black "Boustred, Noel J"]
[Result "0-1"]
[WhiteElo "1421"]
[BlackElo "1644"]
[PlyCount "82"]
[EventDate "2023.01.20"]
[EventRounds "5"]
[EventCountry "ENG"]

1. e4 e5 2. Nf3 Nf6 3. Nxe5 Nc6 4. Nxc6 dxc6 5. Nc3 Qe7 6. d3 Be6 7. Be2 O-O-O 8.
h3 h6 9. Be3 g5 10. Bg4 Bxg4 11. hxg4 Qe6 12. f3 Bd6 13. Qe2 Bg3+ 14. Bf2 Be5 15.
Qd2 h5 16. gxh5 Nxh5 17. Qxg5 Bf4 18. Qf5 Qxf5 19. exf5 Ng7 20. Rxh8 Rxh8 21. Ke2
Nxf5 22. Rg1 Nd6 23. g3 Be5 24. Kd2 Rh2 25. Ke1 Bxc3+ 26. bxc3 Nb5 27. c4 Na3 28.
Kf1 Nxc2 29. Rg2 Rh1+ 30. Rg1 Rxg1+ 31. Bxg1 Nb4 32. Ke2 Nxa2 33. Bc5 Nc1+ 34. Kd2
Nb3+ 35. Ke3 Nxc5 36. f4 a5 37. f5 a4 38. Kd2 Kd7 39. g4 Kd6 40. g5 Ke5 41. d4+ Kxf5
 0-1

[Event "29th 4NCL Congress"]
[Site "Harrogate"]
[Date "2023.01.21"]
[Round "2"]
[Board "26"]
[White "Usher, Frank"]
[Black "Halpin, David"]
[Result "1-0"]
[WhiteElo "1550"]
[BlackElo "1198"]
[PlyCount "58"]
[EventDate "2023.01.20"]
[EventRounds "5"]
[EventCountry "ENG"]

1. e4 e5 2. Bc4 Nf6 3. d3 Nc6 4. Nf3 h6 5. c3 Bc5 6. Bb3 O-O 7. O-O Re8 8. Be3 Qe7
9. Bxc5 Qxc5 10. Nbd2 b6 11. Rc1 Ba6 12. d4 exd4 13. cxd4 Qe7 14. Re1 Rac8 15. e5
Nh5 16. g3 Nb4 17. Nh4 g6 18. Nxg6 Qg5 19. Re4 Nf6 20. Nh4 Nxe4 21. Nxe4 Qg7 22.
Nf6+ Kf8 23. Nxd7+ Kg8 24. Nf6+ Kh8 25. Nxe8 Rxe8 26. Rxc7 Rf8 27. e6 Rd8 28. exf7
Rxd4 29. Qxd4 Qxd4  1-0

[Event "29th 4NCL Congress"]
[Site "Harrogate"]
[Date "2023.01.21"]
[Round "2"]
[Board "27"]
[White "Robinson, Steve"]
[Black "English, Andrew JP"]
[Result "0-1"]
[WhiteElo "1371"]
[BlackElo "1544"]
[PlyCount "60"]
[EventDate "2023.01.20"]
[EventRounds "5"]
[EventCountry "ENG"]

1. Nc3 g6 2. Nf3 Bg7 3. g3 Nf6 4. Bg2 d6 5. d4 O-O 6. Bg5 c5 7. dxc5 dxc5 8. Be3
Qc7 9. O-O Rd8 10. Qc1 a6 11. Bf4 Qb6 12. Rb1 Bf5 13. Nd2 Qe6 14. e4 Bh3 15. Re1
Nc6 16. Nf3 Bxg2 17. Kxg2 Nh5 18. Bc7 Rd7 19. Nd5 Rxd5 20. exd5 Qxd5 21. c4 Qf5 22.
Nh4 Qd7 23. Bb6 Ne5 24. Rd1 Qc6+ 25. Kg1 Qxb6 26. b3 Qe6 27. Qe3 Qh3 28. f3 Nc6 29.
Qe2 Bd4+ 30. Kh1 Nxg3#  0-1

[Event "29th 4NCL Congress"]
[Site "Harrogate"]
[Date "2023.01.21"]
[Round "2"]
[Board "28"]
[White "Walker, Heather Enid"]
[Black "Gibson, Stephen"]
[Result "0-1"]
[WhiteElo "1234"]
[BlackElo "1509"]
[PlyCount "86"]
[EventDate "2023.01.20"]
[EventRounds "5"]
[EventCountry "ENG"]

1. d4 b5 2. e4 a6 3. Nf3 Bb7 4. Bd3 e6 5. a3 c5 6. c4 bxc4 7. Bxc4 Bxe4 8. Nbd2 Bb7
9. O-O cxd4 10. Nxd4 Nf6 11. N2f3 Be7 12. b4 O-O 13. Bb2 d5 14. Bd3 Nc6 15. Nxc6
Bxc6 16. Rc1 Qb6 17. Bd4 Qb7 18. Ne5 Rac8 19. Qe2 Bb5 20. Rc3 Bxd3 21. Qxd3 Rxc3
22. Qxc3 Ne4 23. Qb2 f6 24. Ng4 e5 25. Be3 d4 26. Bc1 Nc3 27. f3 Qd5 28. Rf2 Nd1
29. Qa2 Qxa2 30. Rxa2 Rc8 31. Bd2 Nc3 32. Ra1 Nd5 33. Nf2 Rc2 34. Be1 Nc3 35. Kf1
Kf7 36. Nd1 Nxd1 37. Rxd1 Ke6 38. h3 Kd5 39. Bd2 f5 40. Ke2 e4 41. fxe4+ fxe4 42.
Rf1 e3 43. Kd3 Rxd2#  0-1

[Event "29th 4NCL Congress"]
[Site "Harrogate"]
[Date "2023.01.21"]
[Round "2"]
[Board "29"]
[White "Simmons, Michael W"]
[Black "Weldon, James"]
[Result "0-1"]
[WhiteElo "1152"]
[BlackElo "1491"]
[PlyCount "50"]
[EventDate "2023.01.20"]
[EventRounds "5"]
[EventCountry "ENG"]

1. d4 g6 2. Nf3 d5 3. e3 Nf6 4. Nc3 Bg4 5. Be2 c6 6. O-O h5 7. h3 Bf5 8. Bd3 Ne4
9. Bd2 Bh6 10. Na4 b6 11. Bb4 a5 12. Ba3 b5 13. Nc5 b4 14. Bxb4 axb4 15. Qe1 g5 16.
Nb7 Qc7 17. Qxb4 g4 18. Nh4 Be6 19. a3 Bg5 20. Bxe4 dxe4 21. g3 gxh3 22. f4 Bxh4
23. gxh4 Rg8+ 24. Kf2 Na6 25. Qa5 Qxb7  0-1

[Event "29th 4NCL Congress"]
[Site "Harrogate"]
[Date "2023.01.21"]
[Round "3"]
[Board "1"]
[White "Lee, Jordan"]
[Black "Berry, Mike"]
[Result "1-0"]
[WhiteElo "1699"]
[BlackElo "1611"]
[PlyCount "51"]
[EventDate "2023.01.20"]
[EventRounds "5"]
[EventCountry "ENG"]

1. e4 c5 2. Nf3 d6 3. d4 cxd4 4. Nxd4 Nf6 5. Nc3 a6 6. Be2 e6 7. Be3 Be7 8. g4 h6
9. Qd2 b5 10. h4 Bb7 11. f3 Nc6 12. O-O-O Nxd4 13. Bxd4 e5 14. Be3 Qc7 15. g5 hxg5
16. hxg5 Rxh1 17. Rxh1 Nd7 18. Rh8+ Bf8 19. Nd5 Qc6 20. f4 O-O-O 21. Bg4 Qc4 22.
Bxd7+ Kb8 23. Bg4 Qxa2 24. Nc3 Qa1+ 25. Nb1 Bxe4 26. Rxf8  1-0

[Event "29th 4NCL Congress"]
[Site "Harrogate"]
[Date "2023.01.21"]
[Round "3"]
[Board "2"]
[White "Ganti, Shriaansh"]
[Black "Williams, Stephen"]
[Result "1/2-1/2"]
[WhiteElo "1598"]
[BlackElo "1696"]
[PlyCount "83"]
[EventDate "2023.01.20"]
[EventRounds "5"]
[EventCountry "ENG"]

1. e4 c5 2. Nf3 d6 3. d4 cxd4 4. Nxd4 Nf6 5. Nc3 g6 6. Bg5 Bg7 7. Bd3 O-O 8. O-O
Nc6 9. Nb3 a6 10. a4 Be6 11. Nd2 Rc8 12. Kh1 Ne5 13. f4 Nxd3 14. cxd3 Bd7 15. h3
h6 16. Bh4 Rc5 17. d4 Rc8 18. e5 Ne8 19. Re1 dxe5 20. fxe5 Be6 21. Nf3 Nc7 22. Qd2
Qd7 23. Kh2 g5 24. Bf2 Nd5 25. Nxd5 Qxd5 26. Rac1 f5 27. exf6 exf6 28. Bg3 f5 29.
Be5 g4 30. hxg4 fxg4 31. Nh4 Rxc1 32. Qxc1 Rf2 33. Bxg7 Kxg7 34. Qc7+ Rf7 35. Qe5+
Qxe5+ 36. Rxe5 Kf6 37. Kg3 Rd7 38. Re4 Rd5 39. Rf4+ Kg5 40. Re4 Bd7 41. b3 a5 42.
Rf4  1/2-1/2

[Event "29th 4NCL Congress"]
[Site "Harrogate"]
[Date "2023.01.21"]
[Round "3"]
[Board "3"]
[White "Ainsley, Geoff J"]
[Black "Fisher, Neal"]
[Result "0-1"]
[WhiteElo "1562"]
[BlackElo "1669"]
[PlyCount "70"]
[EventDate "2023.01.20"]
[EventRounds "5"]
[EventCountry "ENG"]

1. e4 e5 2. Bc4 Nf6 3. d4 d6 4. dxe5 dxe5 5. Qxd8+ Kxd8 6. Bxf7 Nxe4 7. f3 Nd6 8.
Bb3 Nc6 9. Bg5+ Be7 10. Bxe7+ Kxe7 11. Ne2 Be6 12. Bxe6 Kxe6 13. Nbc3 a6 14. O-O-O
Nb5 15. Rhe1 Rhd8 16. Nxb5 Rxd1+ 17. Rxd1 axb5 18. Kb1 b4 19. c3 bxc3 20. bxc3 Na5
21. Rd3 Ra6 22. Nc1 Rb6+ 23. Kc2 Nc4 24. Nb3 Kf6 25. g4 Ra6 26. Nc5 Ra7 27. Kb3 Nd6
28. Re3 Ra5 29. Nd7+ Ke6 30. Nf8+ Kf7 31. Nd7 Rb5+ 32. Kc2 Ke6 33. Nf8+ Kf7 34. Nd7
Nc4 35. Kd3 Nxe3  0-1

[Event "29th 4NCL Congress"]
[Site "Harrogate"]
[Date "2023.01.21"]
[Round "3"]
[Board "4"]
[White "Railean, Sergiu"]
[Black "Tedd, Bernie"]
[Result "0-1"]
[WhiteElo "1544"]
[BlackElo "1637"]
[PlyCount "104"]
[EventDate "2023.01.20"]
[EventRounds "5"]
[EventCountry "ENG"]

1. e4 c5 2. Nf3 d6 3. Be2 Nc6 4. c3 Nf6 5. d3 e5 6. O-O Be7 7. Nbd2 O-O 8. Qc2 d5
9. Re1 Re8 10. Nf1 d4 11. a4 a5 12. N3d2 Bd6 13. Nc4 Bc7 14. Bg5 h6 15. Bd2 Kh7 16.
Qc1 Be6 17. Na3 Ng8 18. Nb5 Bb8 19. g3 g5 20. Qd1 Na7 21. c4 Nxb5 22. axb5 b6 23.
Bg4 Qd7 24. Bxe6 Qxe6 25. Kg2 Ra7 26. g4 Ne7 27. Ng3 Ng6 28. Nf5 Bd6 29. Rh1 Be7
30. Kf1 Rh8 31. b3 Kg8 32. Qf3 Nh4 33. Qe2 Nxf5 34. gxf5 Qd6 35. Qh5 Kf8 36. f3 Bf6
37. Rg1 Bg7 38. Rg3 f6 39. Rh3 Qe7 40. Qg4 Qf7 41. Rh5 Ke7 42. b4 Rha8 43. Kf2 Kd6
44. Ke2 Qc7 45. Rh3 Bf8 46. Qh5 Qf7 47. Qg4 Kc7 48. Rh5 Kb7 49. Rh3 Kc7 50. Rg3 h5
51. Qh3 h4 52. Rgg1 Kb7  0-1

[Event "29th 4NCL Congress"]
[Site "Harrogate"]
[Date "2023.01.21"]
[Round "3"]
[Board "5"]
[White "Andrews, Norman G"]
[Black "Miller, Jonathan"]
[Result "1-0"]
[WhiteElo "1597"]
[BlackElo "1677"]
[PlyCount "54"]
[EventDate "2023.01.20"]
[EventRounds "5"]
[EventCountry "ENG"]

1. Nf3 Nf6 2. c4 g6 3. d4 d6 4. Nc3 c6 5. d5 Bg7 6. g3 Qc7 7. Bg2 Bd7 8. O-O O-O
9. Bg5 h6 10. Bd2 a6 11. Qc1 Kh7 12. a4 a5 13. Re1 Na6 14. Na2 Nc5 15. Nd4 Nfe4 16.
Bxe4 Nxe4 17. Be3 Nc5 18. Qc2 Rac8 19. dxc6 bxc6 20. Rad1 Qb7 21. Nc1 Rb8 22. b3
Bxd4 23. Bxd4 Nxb3 24. Bc3 Nxc1 25. Rxc1 Qa6 26. Qd2 Qxc4 27. Bg7 Qxa4  1-0

[Event "29th 4NCL Congress"]
[Site "Harrogate"]
[Date "2023.01.21"]
[Round "3"]
[Board "6"]
[White "Pointon, Mike"]
[Black "Matthews, Graham W"]
[Result "1-0"]
[WhiteElo "1675"]
[BlackElo "1583"]
[PlyCount "53"]
[EventDate "2023.01.20"]
[EventRounds "5"]
[EventCountry "ENG"]

1. e4 c5 2. Nf3 Nc6 3. d4 cxd4 4. Nxd4 e6 5. c4 a6 6. a3 Be7 7. Nc3 Nf6 8. Be2 O-O
9. Be3 d5 10. cxd5 exd5 11. exd5 Nxd5 12. Nxd5 Nxd4 13. Nxe7+ Qxe7 14. Qxd4 Rd8 15.
Qf4 Be6 16. O-O Rd5 17. Rac1 Rf5 18. Qc7 Qxc7 19. Rxc7 Bd5 20. Rc5 b6 21. Rxd5 Rxd5
22. Bf3 Rad8 23. Bxd5 Rxd5 24. Bxb6 Rd2 25. Rb1 f6 26. Ba5 Rc2 27. Bc3  1-0

[Event "29th 4NCL Congress"]
[Site "Harrogate"]
[Date "2023.01.21"]
[Round "3"]
[Board "7"]
[White "Sloan, Cecil"]
[Black "Gunarathne, Senith"]
[Result "1/2-1/2"]
[WhiteElo "1654"]
[BlackElo "1522"]
[PlyCount "88"]
[EventDate "2023.01.20"]
[EventRounds "5"]
[EventCountry "ENG"]

1. e4 c5 2. Nf3 d6 3. d4 cxd4 4. Nxd4 Nf6 5. Nc3 g6 6. f3 Bg7 7. Be3 Nc6 8. Qd2 Be6
9. Nxe6 fxe6 10. Bc4 Qd7 11. O-O O-O 12. Bb3 Kh8 13. Ne2 d5 14. exd5 exd5 15. Nd4
e5 16. Nxc6 bxc6 17. Bh6 e4 18. Bxg7+ Qxg7 19. Qd4 a5 20. a4 Rac8 21. Qc5 Qc7 22.
fxe4 dxe4 23. Rae1 Rce8 24. Rxe4 Qg7 25. Rxe8 Rxe8 26. Qxc6 Rf8 27. Qc4 h6 28. c3
Kh7 29. Qd4 Qe7 30. Bc2 Kg7 31. Qd3 Qf7 32. b4 Re8 33. bxa5 Re5 34. Qf3 Rxa5 35.
Qd3 Rg5 36. Rf3 Qa7+ 37. Qd4 Qe7 38. Re3 Qb7 39. Rg3 Qe7 40. Re3 Qc7 41. Rf3 Qc6
42. Rg3 Qe8 43. Re3 Qf7 44. Rg3 Rd5  1/2-1/2

[Event "29th 4NCL Congress"]
[Site "Harrogate"]
[Date "2023.01.21"]
[Round "3"]
[Board "8"]
[White "Pringle, Andrew"]
[Black "Egan, William J"]
[Result "0-1"]
[WhiteElo "1349"]
[BlackElo "1608"]
[PlyCount "64"]
[EventDate "2023.01.20"]
[EventRounds "5"]
[EventCountry "ENG"]

1. d4 d5 2. c4 c6 3. Nc3 Nf6 4. Nf3 dxc4 5. Bf4 e6 6. e3 b5 7. a3 Bb7 8. Be2 Bd6
9. Bxd6 Qxd6 10. O-O O-O 11. Qc2 Nbd7 12. Nb1 a6 13. a4 Rfc8 14. Nbd2 Qc7 15. a5
c5 16. e4 cxd4 17. Nxd4 Nc5 18. Bf3 Qe5 19. Qc3 Rd8 20. Nxe6 Qxc3 21. bxc3 Nxe6 22.
e5 Rxd2 23. Bxb7 Ra7 24. Bc8 Ne4 25. Rad1 Rxd1 26. Rxd1 Nxc3 27. Rd6 Ne4 28. Rb6
Kf8 29. Bxa6 Nc7 30. Rb8+ Ke7 31. Bb7 Rxa5 32. Bxe4 Ra1+  0-1

[Event "29th 4NCL Congress"]
[Site "Harrogate"]
[Date "2023.01.21"]
[Round "3"]
[Board "9"]
[White "Hollyman, Mike"]
[Black "Mitchell, Ian"]
[Result "0-1"]
[WhiteElo "1444"]
[BlackElo "1598"]
[PlyCount "32"]
[EventDate "2023.01.20"]
[EventRounds "5"]
[EventCountry "ENG"]

1. c4 Nf6 2. Nc3 d6 3. g3 Nc6 4. Bg2 Bd7 5. e4 e5 6. Nge2 Qc8 7. f4 Bh3 8. Bf3 Bg4
9. Ng1 exf4 10. Nd5 Ne5 11. Nxf6+ gxf6 12. gxf4 Nd3+ 13. Kf1 Bh3+ 14. Nxh3 Qxh3+
15. Bg2 Qh4 16. Qf3 Qe1#  0-1